[Event "Scandicserien-2015/16"]
[Site "Oslo"]
[Date "2016.03.06"]
[Round "9.18"]
[White "Sagafos, Magne"]
[Black "Mihajlov, Sebastian"]
[Result "1-0"]
[BlackElo "2335"]
[WhiteElo "2405"]
[WhiteTeam "Vålerenga"]
[BlackTeam "OSS"]
[LiveChessVersion "1.4.6"]

1. e4 {[%clk 1:30:56]} e5 {[%clk 1:30:51]} 2. Nf3 {[%clk 1:31:20]} Nc6
{[%clk 1:31:15]} 3. Bc4 {[%clk 1:31:21]} Bc5 {[%clk 1:31:38]} 4. c3
{[%clk 1:31:44]} Nf6 {[%clk 1:32:03]} 5. d3 {[%clk 1:31:25]} O-O {[%clk 1:32:13]}
6. O-O {[%clk 1:31:45]} d6 {[%clk 1:32:25]} 7. Bb3 {[%clk 1:31:59]} h6
{[%clk 1:32:15]} 8. Re1 {[%clk 1:26:19]} a6 {[%clk 1:32:13]} 9. Nbd2
{[%clk 1:26:01]} Ng4 {[%clk 1:32:25]} 10. Re2 {[%clk 1:25:04]} Nf6
{[%clk 1:30:39]} 11. h3 {[%clk 1:20:52]} Nh5 {[%clk 1:30:38]} 12. Nf1
{[%clk 1:20:09]} Qf6 {[%clk 1:28:30]} 13. Re1 {[%clk 0:54:53]} Be6
{[%clk 1:16:16]} 14. Ne3 {[%clk 0:45:30]} Ba7 {[%clk 0:53:15]} 15. d4
{[%clk 0:30:19]} Nf4 {[%clk 0:35:31]} 16. d5 {[%clk 0:23:55]} Qg6
{[%clk 0:35:57]} 17. dxe6 {[%clk 0:14:44]} Bxe3 {[%clk 0:36:10]} 18. exf7+
{[%clk 0:15:08]} Kh7 {[%clk 0:36:11]} 19. Nh4 {[%clk 0:14:41]} Qg3
{[%clk 0:36:26]} 20. Bxe3 {[%clk 0:14:10]} Nxh3+ {[%clk 0:36:37]} 21. Kf1
{[%clk 0:13:01]} Qxh4 {[%clk 0:36:36]} 22. gxh3 {[%clk 0:13:21]} Qxh3+
{[%clk 0:37:02]} 23. Ke2 {[%clk 0:12:28]} Na5 {[%clk 0:37:28]} 24. Kd2
{[%clk 0:07:48]} Nxb3+ {[%clk 0:37:44]} 25. Qxb3 {[%clk 0:07:56]} Qf3
{[%clk 0:37:49]} 26. Rg1 {[%clk 0:06:52]} Qxe4 {[%clk 0:32:05]} 27. Qe6
{[%clk 0:06:38]} g5 {[%clk 0:32:22]} 28. Rxg5 {[%clk 0:05:23]} hxg5
{[%clk 0:32:39]} 29. Bxg5 {[%clk 0:05:33]} 1-0

[Event "Scandicserien-2015/16"]
[Site "Oslo"]
[Date "2016.03.06"]
[Round "9.19"]
[White "Elsness, Frode"]
[Black "Devereaux, Maxim L"]
[Result "1-0"]
[BlackElo "2372"]
[WhiteElo "2443"]
[WhiteTeam "SK 1911"]
[BlackTeam "Black Knights"]
[LiveChessVersion "1.4.6"]

1. d4 {[%clk 1:30:56]} Nf6 {[%clk 1:28:07]} 2. c4 {[%clk 1:28:17]} e6
{[%clk 1:28:20]} 3. g3 {[%clk 1:28:44]} c5 {[%clk 1:28:18]} 4. d5
{[%clk 1:29:09]} exd5 {[%clk 1:27:44]} 5. cxd5 {[%clk 1:29:38]} b5
{[%clk 1:28:05]} 6. e4 {[%clk 1:29:20]} Nxe4 {[%clk 1:28:18]} 7. Bg2
{[%clk 1:29:40]} Nd6 {[%clk 1:27:13]} 8. Nf3 {[%clk 1:30:04]} Be7
{[%clk 1:26:42]} 9. O-O {[%clk 1:30:28]} O-O {[%clk 1:21:46]} 10. Nc3
{[%clk 1:30:41]} b4 {[%clk 1:17:01]} 11. Na4 {[%clk 1:30:34]} Na6
{[%clk 1:16:40]} 12. Bf4 {[%clk 1:30:20]} Bb7 {[%clk 1:12:40]} 13. Re1
{[%clk 1:25:08]} Nc8 {[%clk 0:56:52]} 14. d6 {[%clk 1:21:02]} Bf6
{[%clk 0:57:17]} 15. Rc1 {[%clk 1:15:27]} Qa5 {[%clk 0:49:30]} 16. Ne5
{[%clk 0:55:57]} Bxe5 {[%clk 0:47:17]} 17. Rxe5 {[%clk 0:48:59]} Bxg2
{[%clk 0:46:53]} 18. Kxg2 {[%clk 0:48:54]} Nb6 {[%clk 0:45:30]} 19. Nxc5
{[%clk 0:48:19]} Nxc5 {[%clk 0:45:52]} 20. Rcxc5 {[%clk 0:46:55]} Qxa2
{[%clk 0:44:08]} 21. Qg4 {[%clk 0:40:52]} f6 {[%clk 0:38:45]} 22. Re4
{[%clk 0:29:27]} a5 {[%clk 0:22:56]} 23. Re7 {[%clk 0:14:58]} Rf7
{[%clk 0:22:56]} 24. Rb5 {[%clk 0:13:47]} f5 {[%clk 0:11:21]} 25. Qf3
{[%clk 0:12:37]} Rb8 {[%clk 0:02:08]} 26. Rxf7 {[%clk 0:11:05]} Qxf7
{[%clk 0:02:13]} 27. Be3 {[%clk 0:10:31]} Qc4 {[%clk 0:02:03]} 28. Rxb6
{[%clk 0:10:11]} Rxb6 {[%clk 0:02:27]} 29. Bxb6 {[%clk 0:10:28]} a4
{[%clk 0:02:35]} 30. Qa8+ {[%clk 0:08:47]} Kf7 {[%clk 0:03:00]} 31. Qxa4
{[%clk 0:08:09]} Qd5+ {[%clk 0:03:27]} 32. Kg1 {[%clk 0:06:56]} Qxd6
{[%clk 0:03:52]} 33. Qb3+ {[%clk 0:07:14]} Kg6 {[%clk 0:03:51]} 34. Ba5
{[%clk 0:06:45]} 1-0

[Event "Scandicserien-2015/16"]
[Site "Oslo"]
[Date "2016.03.06"]
[Round "9.20"]
[White "Andersen, Lars Even"]
[Black "Urkedal, Frode"]
[Result "1/2-1/2"]
[BlackElo "2504"]
[WhiteElo "2279"]
[WhiteTeam "Black Knights"]
[BlackTeam "SK 1911"]
[LiveChessVersion "1.4.6"]

1. d4 {[%clk 1:30:28]} Nf6 {[%clk 1:30:54]} 2. c4 {[%clk 1:30:38]} e6
{[%clk 1:31:16]} 3. g3 {[%clk 1:30:52]} d5 {[%clk 1:31:33]} 4. Bg2
{[%clk 1:30:51]} Be7 {[%clk 1:31:48]} 5. Nf3 {[%clk 1:30:43]} O-O
{[%clk 1:32:10]} 6. O-O {[%clk 1:27:06]} c6 {[%clk 1:32:23]} 7. b3
{[%clk 1:22:30]} Nbd7 {[%clk 1:29:17]} 8. Bb2 {[%clk 1:20:44]} b5
{[%clk 1:28:41]} 9. c5 {[%clk 1:13:14]} Ne4 {[%clk 1:24:38]} 10. Nbd2
{[%clk 1:08:25]} f5 {[%clk 1:23:25]} 11. b4 {[%clk 1:07:05]} a5 {[%clk 1:21:58]}
12. a3 {[%clk 1:06:43]} Qc7 {[%clk 1:21:20]} 13. Qc2 {[%clk 0:57:53]} Bf6
{[%clk 1:19:34]} 14. Nb3 {[%clk 0:56:39]} a4 {[%clk 1:07:22]} 15. Nc1
{[%clk 0:53:43]} Ng5 {[%clk 0:47:53]} 16. Nxg5 {[%clk 0:46:44]} Bxg5
{[%clk 0:48:11]} 17. Nd3 {[%clk 0:46:53]} 1/2-1/2

[Event "Scandicserien-2015/16"]
[Site "Oslo"]
[Date "2016.03.06"]
[Round "9.21"]
[White "Hansen, Torbjorn Ringdal"]
[Black "Sahl, Sheila Barth"]
[Result "1-0"]
[BlackElo "2194"]
[WhiteElo "2479"]
[WhiteTeam "SK 1911"]
[BlackTeam "Black Knights"]
[LiveChessVersion "1.4.6"]

1. c4 {[%clk 1:30:56]} c5 {[%clk 1:29:12]} 2. g3 {[%clk 1:31:07]} Nc6
{[%clk 1:29:32]} 3. Bg2 {[%clk 1:31:25]} g6 {[%clk 1:29:46]} 4. Nc3
{[%clk 1:31:41]} Bg7 {[%clk 1:30:05]} 5. Nf3 {[%clk 1:32:03]} e5 {[%clk 1:29:19]}
6. h4 {[%clk 1:29:58]} h5 {[%clk 1:25:41]} 7. a3 {[%clk 1:28:17]} a5
{[%clk 1:24:42]} 8. d3 {[%clk 1:25:29]} Nge7 {[%clk 1:23:17]} 9. Ne4
{[%clk 1:21:26]} d6 {[%clk 1:16:32]} 10. Bg5 {[%clk 1:21:49]} O-O
{[%clk 1:16:25]} 11. Nf6+ {[%clk 1:21:06]} Kh8 {[%clk 1:14:49]} 12. Nd2
{[%clk 1:10:36]} Be6 {[%clk 0:56:47]} 13. e3 {[%clk 1:05:24]} Qc8
{[%clk 0:50:18]} 14. Bf3 {[%clk 0:59:21]} Bxf6 {[%clk 0:38:08]} 15. Bxf6+
{[%clk 0:59:31]} Kh7 {[%clk 0:38:35]} 16. Ne4 {[%clk 0:48:27]} d5
{[%clk 0:34:07]} 17. Ng5+ {[%clk 0:39:59]} Kg8 {[%clk 0:31:54]} 18. Bxh5
{[%clk 0:39:21]} dxc4 {[%clk 0:31:53]} 19. Bf3 {[%clk 0:38:39]} Nd5
{[%clk 0:31:17]} 20. Bxd5 {[%clk 0:38:48]} Bxd5 {[%clk 0:31:44]} 21. e4
{[%clk 0:36:51]} Nd4 {[%clk 0:28:02]} 22. exd5 {[%clk 0:33:14]} Qf5
{[%clk 0:28:07]} 23. Be7 {[%clk 0:31:42]} cxd3 {[%clk 0:19:32]} 24. g4
{[%clk 0:27:47]} Qd7 {[%clk 0:16:57]} 25. d6 {[%clk 0:25:02]} Nc2+
{[%clk 0:09:40]} 26. Kd2 {[%clk 0:24:10]} Nxa1 {[%clk 0:07:56]} 27. Qxa1
{[%clk 0:22:42]} Qxg4 {[%clk 0:08:17]} 28. Qd1 {[%clk 0:18:59]} Qf4+
{[%clk 0:01:41]} 29. Kxd3 {[%clk 0:18:41]} f6 {[%clk 0:01:55]} 30. Bxf8
{[%clk 0:16:36]} Rxf8 {[%clk 0:01:20]} 31. Qb3+ {[%clk 0:15:51]} Kh8
{[%clk 0:01:31]} 32. Qxb7 {[%clk 0:15:06]} Qd4+ {[%clk 0:00:49]} 33. Kc2
{[%clk 0:14:45]} Qc4+ {[%clk 0:00:47]} 34. Kb1 {[%clk 0:14:40]} Qg8
{[%clk 0:00:51]} 35. h5 {[%clk 0:14:00]} Qg7 {[%clk 0:01:15]} 36. hxg6+
{[%clk 0:14:20]} Kg8 {[%clk 0:01:42]} 37. Qd5+ {[%clk 0:14:41]} 1-0

[Event "Scandicserien-2015/16"]
[Site "Oslo"]
[Date "2016.03.06"]
[Round "9.22"]
[White "Myrstad, Odd Magnus"]
[Black "Bae, Torstein"]
[Result "1/2-1/2"]
[BlackElo "2435"]
[WhiteElo "2083"]
[WhiteTeam "Black Knights"]
[BlackTeam "SK 1911"]
[LiveChessVersion "1.4.6"]

1. e4 {[%clk 1:30:58]} e5 {[%clk 1:27:38]} 2. Nf3 {[%clk 1:31:00]} Nc6
{[%clk 1:27:58]} 3. Bb5 {[%clk 1:31:17]} a6 {[%clk 1:27:39]} 4. Bxc6
{[%clk 1:31:03]} dxc6 {[%clk 1:28:03]} 5. O-O {[%clk 1:31:18]} Bd6
{[%clk 1:27:55]} 6. d4 {[%clk 1:31:38]} exd4 {[%clk 1:28:18]} 7. Qxd4
{[%clk 1:31:50]} f6 {[%clk 1:28:31]} 8. c4 {[%clk 1:27:54]} c5 {[%clk 1:26:23]}
9. Qe3 {[%clk 1:27:41]} Ne7 {[%clk 1:25:15]} 10. b3 {[%clk 1:25:31]} O-O
{[%clk 1:24:13]} 11. Bb2 {[%clk 1:25:40]} Nc6 {[%clk 1:24:14]} 12. Nbd2
{[%clk 1:23:34]} Qe7 {[%clk 1:22:38]} 13. Rfe1 {[%clk 1:21:11]} Be5
{[%clk 1:21:42]} 14. Nxe5 {[%clk 1:21:14]} fxe5 {[%clk 1:22:03]} 15. Rf1
{[%clk 1:16:48]} Nd4 {[%clk 1:20:53]} 16. Rad1 {[%clk 1:16:47]} Bg4
{[%clk 1:18:11]} 17. f3 {[%clk 1:15:16]} Bh5 {[%clk 1:18:10]} 18. Rf2
{[%clk 1:14:35]} a5 {[%clk 1:17:24]} 19. a4 {[%clk 1:10:30]} Rad8
{[%clk 1:13:31]} 20. Rdf1 {[%clk 1:06:33]} h6 {[%clk 0:50:05]} 21. Nb1
{[%clk 1:05:13]} c6 {[%clk 0:44:38]} 22. Na3 {[%clk 0:59:34]} Rd7
{[%clk 0:33:26]} 23. Nc2 {[%clk 0:59:39]} Rfd8 {[%clk 0:33:40]} 24. Nxd4
{[%clk 0:59:27]} cxd4 {[%clk 0:34:07]} 25. Qd3 {[%clk 0:57:37]} Rf8
{[%clk 0:33:03]} 26. Bc1 {[%clk 0:57:45]} g5 {[%clk 0:30:34]} 27. Bd2
{[%clk 0:56:05]} b6 {[%clk 0:30:34]} 28. Bc1 {[%clk 0:54:49]} c5 {[%clk 0:29:31]}
29. Bd2 {[%clk 0:54:54]} Rd6 {[%clk 0:29:35]} 30. h3 {[%clk 0:49:19]} Be8
{[%clk 0:27:37]} 31. Qe2 {[%clk 0:49:22]} Bd7 {[%clk 0:26:45]} 32. Qd3
{[%clk 0:47:07]} Rg6 {[%clk 0:26:51]} 33. Qe2 {[%clk 0:46:48]} Rf7
{[%clk 0:24:11]} 34. Qd3 {[%clk 0:45:11]} Kf8 {[%clk 0:24:20]} 35. Qe2
{[%clk 0:45:25]} Ke8 {[%clk 0:24:40]} 36. Qd3 {[%clk 0:44:42]} Kd8
{[%clk 0:24:54]} 37. Qe2 {[%clk 0:45:05]} Kc7 {[%clk 0:25:06]} 38. Qd3
{[%clk 0:44:09]} Kb7 {[%clk 0:24:56]} 39. Qe2 {[%clk 0:44:22]} h5
{[%clk 0:24:25]} 40. Bc1 {[%clk 0:42:48]} g4 {[%clk 0:21:34]} 41. fxg4
{[%clk 0:42:29]} Rxf2 {[%clk 0:21:57]} 42. Qxf2 {[%clk 0:42:50]} hxg4
{[%clk 0:21:57]} 43. Qf7 {[%clk 0:43:10]} Qxf7 {[%clk 0:21:13]} 44. Rxf7
{[%clk 0:43:33]} gxh3 {[%clk 0:21:33]} 45. Rxd7+ {[%clk 0:42:52]} Kc6
{[%clk 0:22:00]} 46. Rh7 {[%clk 0:42:53]} Rxg2+ {[%clk 0:22:06]} 47. Kf1
{[%clk 0:43:12]} Rg3 {[%clk 0:21:00]} 48. Rh6+ {[%clk 0:42:44]} Kb7
{[%clk 0:21:19]} 49. Bd2 {[%clk 0:41:21]} Rxb3 {[%clk 0:20:31]} 50. Ke2
{[%clk 0:40:53]} Rg3 {[%clk 0:18:15]} 51. Be1 {[%clk 0:37:40]} Re3+
{[%clk 0:15:43]} 52. Kd2 {[%clk 0:37:31]} Rxe4 {[%clk 0:10:00]} 53. Rxh3
{[%clk 0:36:25]} Rf4 {[%clk 0:03:19]} 54. Bg3 {[%clk 0:35:07]} Rf3
{[%clk 0:29:41]} 55. Rh7+ {[%clk 1:03:20]} Kc8 {[%clk 0:22:00]} 56. Bxe5
{[%clk 1:03:39]} Ra3 1/2-1/2

[Event "Scandicserien-2015/16"]
[Site "Oslo"]
[Date "2016.03.06"]
[Round "9.23"]
[White "Nilsen, Joachim Birger"]
[Black "Andersen, Oystein R."]
[Result "1-0"]
[BlackElo "2054"]
[WhiteElo "2371"]
[WhiteTeam "SK 1911"]
[BlackTeam "Black Knights"]
[LiveChessVersion "1.4.6"]

1. c4 {[%clk 1:30:56]} Nf6 {[%clk 1:15:17]} 2. Nc3 {[%clk 1:31:09]} g6
{[%clk 1:15:14]} 3. e4 {[%clk 1:30:46]} d6 {[%clk 1:14:06]} 4. d4
{[%clk 1:30:37]} Bg7 {[%clk 1:13:41]} 5. Be2 {[%clk 1:30:55]} O-O
{[%clk 1:12:48]} 6. Nf3 {[%clk 1:30:38]} Na6 {[%clk 1:06:37]} 7. O-O
{[%clk 1:29:50]} e5 {[%clk 1:05:54]} 8. Be3 {[%clk 1:30:09]} exd4
{[%clk 1:01:55]} 9. Nxd4 {[%clk 1:29:15]} Nc5 {[%clk 1:01:01]} 10. f3
{[%clk 1:29:30]} a5 {[%clk 1:00:09]} 11. Qd2 {[%clk 1:28:01]} c6 {[%clk 0:56:13]}
12. Rad1 {[%clk 1:25:09]} Qe7 {[%clk 0:51:45]} 13. Rfe1 {[%clk 1:20:00]} Rd8
{[%clk 0:49:34]} 14. Nxc6 {[%clk 1:14:17]} bxc6 {[%clk 0:47:11]} 15. Bxc5
{[%clk 1:14:37]} Ne8 {[%clk 0:45:59]} 16. Bf2 {[%clk 1:11:57]} Be6
{[%clk 0:45:12]} 17. Bf1 {[%clk 1:11:47]} Qb7 {[%clk 0:43:09]} 18. b3
{[%clk 1:09:32]} Nc7 {[%clk 0:36:23]} 19. Na4 {[%clk 1:07:47]} h5
{[%clk 0:23:18]} 20. f4 {[%clk 1:03:13]} c5 {[%clk 0:19:48]} 21. Bd3
{[%clk 1:00:05]} Bd7 {[%clk 0:19:21]} 22. f5 {[%clk 0:58:38]} Qb4
{[%clk 0:18:28]} 23. Qg5 {[%clk 0:56:12]} Bxa4 {[%clk 0:15:58]} 24. bxa4
{[%clk 0:56:23]} Qxa4 {[%clk 0:16:19]} 25. fxg6 {[%clk 0:55:25]} fxg6
{[%clk 0:16:18]} 26. e5 {[%clk 0:54:22]} dxe5 {[%clk 0:14:54]} 27. Bc2
{[%clk 0:53:56]} Qe8 {[%clk 0:12:37]} 28. Bxg6 {[%clk 0:54:07]} Qf8
{[%clk 0:11:41]} 29. Qxh5 {[%clk 0:54:15]} Qe7 {[%clk 0:11:11]} 30. Rxd8+
{[%clk 0:54:03]} Rxd8 {[%clk 0:11:32]} 31. Bh4 {[%clk 0:53:57]} Bf6
{[%clk 0:09:10]} 32. Bxf6 {[%clk 0:54:21]} Qxf6 {[%clk 0:09:35]} 33. Qh7+
{[%clk 0:54:47]} Kf8 {[%clk 0:10:01]} 34. Rf1 {[%clk 0:55:12]} 1-0

[Event "Scandicserien-2015/16"]
[Site "Oslo"]
[Date "2016.03.06"]
[Round "9.24"]
[White "Kjellstrom, Roar"]
[Black "Hagen, Anders Gjerdrum"]
[Result "0-1"]
[BlackElo "2256"]
[WhiteElo "1873"]
[WhiteTeam "Black Knights"]
[BlackTeam "SK 1911"]
[LiveChessVersion "1.4.6"]

1. d4 {[%clk 1:30:58]} Nf6 {[%clk 1:30:37]} 2. c4 {[%clk 1:31:10]} e6
{[%clk 1:30:42]} 3. Nc3 {[%clk 1:31:34]} Bb4 {[%clk 1:30:42]} 4. Bd2
{[%clk 1:31:53]} O-O {[%clk 1:20:30]} 5. f3 {[%clk 1:32:18]} d5 {[%clk 1:18:19]}
6. a3 {[%clk 1:32:14]} Be7 {[%clk 1:12:25]} 7. c5 Nc6 {[%clk 1:02:38]} 8. Bf4
{[%clk 1:30:32]} Nh5 {[%clk 0:59:57]} 9. Nh3 {[%clk 1:26:03]} e5 {[%clk 0:52:25]}
10. Bg3 {[%clk 1:23:04]} exd4 {[%clk 0:49:06]} 11. Nb5 {[%clk 1:22:42]} Bxh3
{[%clk 0:45:49]} 12. gxh3 {[%clk 1:19:51]} Nxg3 {[%clk 0:42:35]} 13. hxg3
{[%clk 1:20:12]} Bxc5 {[%clk 0:42:48]} 14. Rc1 {[%clk 1:17:24]} Bb6
{[%clk 0:40:06]} 15. a4 {[%clk 1:15:22]} Qg5 {[%clk 0:39:08]} 0-1

[Event "Scandicserien-2015/16"]
[Site "Oslo"]
[Date "2016.03.06"]
[Round "9.25"]
[White "Bern, Ivar"]
[Black "Lovik, Lasse Ostebo"]
[Result "1/2-1/2"]
[BlackElo "2335"]
[WhiteElo "2314"]
[WhiteTeam "Bergens"]
[BlackTeam "Stavanger"]
[LiveChessVersion "1.4.6"]

1. g3 {[%clk 1:29:25]} c5 {[%clk 1:30:21]} 2. Bg2 {[%clk 1:29:42]} Nc6
{[%clk 1:30:36]} 3. e4 {[%clk 1:29:51]} g6 {[%clk 1:30:42]} 4. d3
{[%clk 1:28:54]} Bg7 {[%clk 1:31:02]} 5. f4 {[%clk 1:28:51]} e6 {[%clk 1:30:49]}
6. Nf3 {[%clk 1:28:33]} Nge7 {[%clk 1:30:47]} 7. c3 {[%clk 1:27:38]} O-O
{[%clk 1:27:16]} 8. Na3 {[%clk 1:24:44]} Rb8 {[%clk 1:19:34]} 9. Nc2
{[%clk 1:06:17]} d5 {[%clk 1:16:47]} 10. e5 {[%clk 1:05:11]} d4 {[%clk 1:15:45]}
11. c4 {[%clk 0:54:45]} b5 {[%clk 1:06:49]} 12. cxb5 {[%clk 0:50:09]} Rxb5
{[%clk 1:05:31]} 13. Ng5 {[%clk 0:48:41]} Nb4 {[%clk 0:59:49]} 14. Ne4
{[%clk 0:36:33]} Qc7 {[%clk 0:50:22]} 15. O-O {[%clk 0:28:01]} Rb8
{[%clk 0:49:13]} 16. Nxb4 {[%clk 0:23:27]} cxb4 {[%clk 0:48:47]} 17. a3
{[%clk 0:22:49]} Bd7 {[%clk 0:45:13]} 18. axb4 {[%clk 0:08:00]} Nd5
{[%clk 0:40:34]} 19. Nc5 {[%clk 0:07:36]} Nxb4 {[%clk 0:39:47]} 20. Nxd7 Qxd7
{[%clk 0:40:11]} 21. Be4 {[%clk 0:07:41]} Rb5 {[%clk 0:30:07]} 22. Qa4
{[%clk 0:07:04]} a5 {[%clk 0:30:13]} 23. Bd2 {[%clk 0:07:18]} Rfb8
{[%clk 0:29:27]} 24. Bxb4 {[%clk 0:07:23]} axb4 {[%clk 0:29:48]} 25. Rfc1
{[%clk 0:07:48]} Qe7 {[%clk 0:25:34]} 26. Qa7 {[%clk 0:07:18]} Qxa7
{[%clk 0:25:56]} 27. Rxa7 {[%clk 0:07:43]} Bf8 {[%clk 0:26:21]} 28. Kf1
{[%clk 0:04:28]} b3 {[%clk 0:22:55]} 29. Ke2 {[%clk 0:04:16]} Bb4
{[%clk 0:21:52]} 30. Rcc7 {[%clk 0:03:05]} Bc5 {[%clk 0:15:19]} 31. Ra4
{[%clk 0:03:24]} Rb4 {[%clk 0:13:32]} 32. Ra6 {[%clk 0:03:18]} R4b5
{[%clk 0:12:50]} 33. Kd1 {[%clk 0:03:16]} Bb4 {[%clk 0:12:12]} 34. Raa7
{[%clk 0:03:07]} Rc5 {[%clk 0:05:42]} 35. Rcb7 {[%clk 0:01:08]} Rcc8
{[%clk 0:03:10]} 36. Rxb8 {[%clk 0:01:14]} Rxb8 {[%clk 0:03:38]} 37. Rb7
{[%clk 0:01:34]} Rxb7 {[%clk 0:02:56]} 38. Bxb7 {[%clk 0:02:02]} f6
{[%clk 0:01:23]} 39. exf6 {[%clk 0:02:16]} Kf7 {[%clk 0:01:30]} 40. Ba6
{[%clk 0:02:37]} Kxf6 {[%clk 0:01:46]} 41. Bc4 {[%clk 0:03:00]} h5
{[%clk 0:23:48]} 42. Bxb3 {[%clk 0:31:31]} h4 {[%clk 0:21:51]} 43. Ke2
{[%clk 0:30:30]} hxg3 {[%clk 0:21:12]} 44. hxg3 {[%clk 0:30:53]} e5
{[%clk 0:16:04]} 45. Kf3 {[%clk 0:28:39]} Bd2 {[%clk 0:15:03]} 46. Ba4
{[%clk 0:28:32]} exf4 {[%clk 0:14:38]} 47. gxf4 g5 {[%clk 0:14:03]} 48. fxg5+
{[%clk 0:28:05]} Bxg5 {[%clk 0:14:28]} 49. Ke4 {[%clk 0:27:39]} Ke6
{[%clk 0:14:51]} 50. b4 {[%clk 0:27:07]} Be7 {[%clk 0:13:36]} 51. Bb3+
{[%clk 0:27:03]} Kd7 {[%clk 0:13:53]} 52. b5 {[%clk 0:27:13]} Bc5
{[%clk 0:14:07]} 53. Kd5 {[%clk 0:27:21]} Ba7 {[%clk 0:14:26]} 54. Bd1
{[%clk 0:26:58]} 1/2-1/2

[Event "Scandicserien-2015/16"]
[Site "Oslo"]
[Date "2016.03.06"]
[Round "9.26"]
[White "Fossan, Petter"]
[Black "Stokke, Kjetil"]
[Result "1/2-1/2"]
[BlackElo "2366"]
[WhiteElo "2299"]
[WhiteTeam "Stavanger"]
[BlackTeam "Bergens"]
[LiveChessVersion "1.4.6"]

1. e4 {[%clk 1:30:57]} c6 {[%clk 1:28:55]} 2. d4 {[%clk 1:30:19]} d5
{[%clk 1:28:58]} 3. Nd2 {[%clk 1:29:57]} dxe4 {[%clk 1:29:22]} 4. Nxe4
{[%clk 1:30:20]} Nd7 {[%clk 1:29:50]} 5. Ng5 {[%clk 1:30:32]} Ngf6
{[%clk 1:30:16]} 6. Bd3 {[%clk 1:30:40]} e6 {[%clk 1:30:43]} 7. N1f3
{[%clk 1:30:15]} Bd6 {[%clk 1:31:12]} 8. Qe2 {[%clk 1:24:28]} h6 {[%clk 1:31:15]}
9. Ne4 {[%clk 1:24:52]} Nxe4 {[%clk 1:31:39]} 10. Qxe4 {[%clk 1:25:16]} Qc7
{[%clk 1:32:00]} 11. O-O {[%clk 1:24:31]} b6 {[%clk 1:32:19]} 12. Qg4
{[%clk 1:21:35]} Kf8 {[%clk 1:32:40]} 13. b3 {[%clk 1:20:30]} Bb7
{[%clk 1:32:46]} 14. Re1 {[%clk 1:12:50]} Nf6 {[%clk 1:28:48]} 15. Qh3
{[%clk 1:12:24]} Kg8 1/2-1/2

[Event "Scandicserien-2015/16"]
[Site "Oslo"]
[Date "2016.03.06"]
[Round "9.27"]
[White "Gullaksen, Eirik"]
[Black "Haarr, Jon Kristian"]
[Result "1/2-1/2"]
[BlackElo "2209"]
[WhiteElo "2363"]
[WhiteTeam "Bergens"]
[BlackTeam "Stavanger"]
[LiveChessVersion "1.4.6"]

1. e4 {[%clk 1:30:48]} c6 {[%clk 1:30:01]} 2. d4 {[%clk 1:30:54]} d5
{[%clk 1:30:25]} 3. Nc3 {[%clk 1:31:04]} dxe4 {[%clk 1:30:49]} 4. Nxe4
{[%clk 1:31:23]} Nd7 {[%clk 1:31:08]} 5. Ng5 {[%clk 1:31:27]} Ngf6
{[%clk 1:31:21]} 6. Bd3 {[%clk 1:31:29]} e6 {[%clk 1:31:19]} 7. N1f3
{[%clk 1:31:15]} Bd6 {[%clk 1:31:01]} 8. c3 {[%clk 1:26:41]} h6 {[%clk 1:28:49]}
9. Ne4 {[%clk 1:26:57]} Nxe4 {[%clk 1:28:34]} 10. Bxe4 {[%clk 1:27:17]} Qc7
{[%clk 1:24:25]} 11. O-O {[%clk 1:26:41]} b6 {[%clk 1:22:44]} 12. a4
{[%clk 1:24:18]} Nf6 {[%clk 1:04:58]} 13. Bd3 {[%clk 1:20:51]} O-O
{[%clk 1:02:12]} 14. a5 {[%clk 1:15:26]} c5 {[%clk 0:56:39]} 15. axb6
{[%clk 1:07:30]} Qxb6 {[%clk 0:56:46]} 16. dxc5 {[%clk 1:07:37]} Qxc5
{[%clk 0:55:58]} 17. Qe2 {[%clk 1:06:55]} Bb7 {[%clk 0:43:06]} 18. Ba6
{[%clk 1:02:28]} Be4 {[%clk 0:39:37]} 19. Bd3 {[%clk 0:51:20]} Qh5
{[%clk 0:28:01]} 20. Bxe4 {[%clk 0:47:16]} Bxh2+ {[%clk 0:28:18]} 21. Kh1
{[%clk 0:47:41]} Bd6+ {[%clk 0:27:59]} 22. Kg1 {[%clk 0:48:02]} Bh2+
{[%clk 0:28:23]} 23. Kh1 {[%clk 0:48:25]} Bd6+ {[%clk 0:28:45]} 24. Kg1
{[%clk 0:48:49]} 1/2-1/2